000
00292nam a2200121Ia 4500
008
241028s9999 xx 000 0 und d
041
_a
eng
082
_a
330 MAN
100
_a
Mankiw/ Taylor
245
_a
Economics
260
_b
Cengage Learning India
_a
Dehli
_c
2020
300
_a
814;. P. 25 cm
999
_c
43003
_d
43003